Popular Freezer Cookery /

Guardat en:
Dades bibliogràfiques
Autor principal: Berry, Mary (autor)
Format: Llibre
Idioma:anglès
Publicat: Londres, Inglaterra : Treasure, 1972, c1972
Etiquetes: Afegir etiqueta
Sense etiquetes, Sigues el primer a etiquetar aquest registre!

MARC

LEADER 00000nam^a2200000^a^4500
001 000431057
005 20250526000000.0
009 20260310122939.307
020 |a 0-907407-27-7 
037 |a Acervo ITESO - Biblioteca 
041 |a ING 
091 |a FHM. 05328 
100 |a Berry, Mary  |e (autor) 
245 1 0 |a Popular Freezer Cookery / 
264 4 |a Londres, Inglaterra :  |b Treasure,  |c 1972, c1972 
300 |a 128 p. ;  |c 24.0 cm. 
336 |a texto  |b txt  |2 rdacontenido 
337 |a sin mediación  |b n  |2 rdamedio 
338 |a volumen  |b nc  |2 rdasoporte 
649 |a XX 
910 |a Fondo Hugo B. Margáin 
920 |a Impresos - Libros 
930 |a Libros Antiguos y Raros 
905 |a 126 
901 |a 0500317300  |b IT2  |c LRA  |i D106182  |u 20250526 
902 |a https://opac.biblio.iteso.mx/vufind/Record/000431057